Διεθνή Λογιστικά Πρότυπα / Συμπεριλαμβάνει Όλες τις Τροποποιήσεις και Βελτιώσεις που Έγιναν σε 25 ΔΛΠ/ΔΠΧΑ του 2008. (Record no. 6281)
[ view plain ]
| 000 -LEADER | |
|---|---|
| fixed length control field | 01369cam a22002174a 4500 |
| 005 - ΗΜΕΡΟΜΗΝΙΑ ΚΑΙ ΩΡΑ ΤΕΛΕΥΤΑΙΑΣ ΕΝΗΜΕΡΩΣΗΣ | |
| Πεδίο ελέγχου | 20250605164238.0 |
| 008 - FIXED-LENGTH DATA ELEMENTS--GENERAL INFORMATION | |
| Πεδίο ελέγχου σταθερού μήκους | 250528s ||||||||||||||||||||||||d |
| 035 ## - SYSTEM CONTROL NUMBER | |
| System control number | 21214 |
| 020 ## - ISBN | |
| ISBN | 9789600222975 |
| 040 ## - ΠΗΓΗ ΚΑΤΑΛΟΓΟΓΡΑΦΗΣΗΣ | |
| Φορέας πρωτότυπης καταλογογράφησης | MC Athens Campus Library |
| Γλώσσα καταλογογράφησης | Ελληνικά, Μοντέρνα (1453-) |
| Modifying agency | MC Athens Campus Library |
| Κανόνες περιγραφικής καταλογογράφησης | AACR2 |
| 245 1# - ΤΙΤΛΟΣ ΚΑΙ ΔΗΛΩΣΗ ΥΠΕΥΘΥΝΟΤΗΤΑΣ | |
| Τίτλος | Διεθνή Λογιστικά Πρότυπα / Συμπεριλαμβάνει Όλες τις Τροποποιήσεις και Βελτιώσεις που Έγιναν σε 25 ΔΛΠ/ΔΠΧΑ του 2008. |
| Number of part/section of a work | Τόμος Β |
| 250 ## - EDITION STATEMENT | |
| Edition statement | 5η |
| 260 ## - PUBLICATION, DISTRIBUTION, ETC. | |
| Name of publisher, distributor, etc. | Παπαζήση, |
| Date of publication, distribution, etc. | 2008 |
| 300 ## - PHYSICAL DESCRIPTION | |
| Extent | 5030 |
| 520 ## - SUMMARY, ETC. | |
| Summary, etc. | Το παρόν βιβλίο περιλαμβάνει πλήρη ανάλυση και επεξήγηση όλων των Διεθνών Λογιστικών Προτύπων (ΔΛΠ). Πρόλογος, Ακρωνύμια, Γλωσσάριο, Εισαγωγτή, Στοιχεία Ενεργητικού, Υποχρεώσεις, Χρηματοοικονομική Αναφορά σε Εξειδικευμένες Περιπτώσεις, Ενοποιημένες Χρηματοοικονομικές Καταστάσεις, Χρηματοοικονομικά Εργαλεία, Χρηματοοικονομική Αναφορά. |
| 700 1# - ΠΡΟΣΘΕΤΗ ΑΝΑΓΡΑΦΗ--ΦΥΣΙΚΟ ΠΡΟΣΩΠΟ | |
| Personal name | Βλάχος Χρίστος |
| 9 (RLIN) | 7237 |
| 700 1# - ΠΡΟΣΘΕΤΗ ΑΝΑΓΡΑΦΗ--ΦΥΣΙΚΟ ΠΡΟΣΩΠΟ | |
| Personal name | Λουκά Λουκάς |
| 9 (RLIN) | 7238 |
| 942 ## - ADDED ENTRY ELEMENTS (KOHA) | |
| Koha item type | Books |
| Τύπος τεκμηρίου | Βιβλιοθήκη | Τρέχουσα τοποθεσία | Barcode | Αριθμός εισαγωγής | Ημερομηνία απόκτησης | Ταξιθετικό σύμβολο | Αριθμός αντιτύπου | Κατάσταση απόσυρσης | Κατάσταση χαμένου | Κατάσταση κατεστραμμένου | Μη δανεισμός | Σύνολο δανεισμών | Ημερομηνία τελευταίας εμφάνισης | Η τιμή ισχύει από |
|---|---|---|---|---|---|---|---|---|---|---|---|---|---|---|
| Books | MC Athens Campus Library | MC Athens Campus Library | 9780000062802 | 5013 | 05/06/2025 | REF 657.0218 VLA V.B | 1 | 05/06/2025 | 05/06/2025 |